Statistics for Invictus - Last Word of Each Line

Click here to take the quiz!

General Stats

  • This quiz has been taken 24 times
  • The average score is 14 of 16

Answer Stats

Invictus% Correct
Black as the pit from pole to {pole},
100%
For my unconquerable {soul}.
100%
I am the master of my {fate}:
100%
I have not winced nor cried {aloud}.
100%
In the fell clutch of {circumstance},
100%
I thank whatever gods may {be}
100%
My head is bloody, but {unbowed}.
100%
Out of the night that covers {me}
100%
I am the captain of my {soul}.
91%
It matters not how strait the {gate},
91%
Finds, and shall find, me {unafraid}.
82%
Under the bludgeonings of {chance}
82%
Beyond this place of wrath and {tears}
73%
How charged with punishments the {scroll},
73%
Looms but the Horror of the {shade},
73%
And yet the menace of the {years}
64%

Score Distribution

Percentile by Number Answered

Percent of People with Each Score

Your Score History

You have not taken this quiz